000 01068cad a22002295a 4500
001 L152622
008 110406s2011 xxk 000 0 eng d
035 _a(Sirsi) u152622
041 0 _aeng
100 1 _aRusholme, David
245 0 4 _aThe value of registration
260 _c2011
490 0 _aRICS Commercial Property Journal
_vMarch-April 2011, 5-8(4)
520 _aExplains how the new RICS Valuer Registration Scheme will help promote high-quality valuations to clients and the public alike. Covers the scheme's mission, who counts as a valuer within the scheme, the benefits to RICS members, whether the benefits will be recognised in the market, the registration process and fee structure. FAQs are appended.
590 _aKA
650 2 4 _aRICS VALUER REGISTRATION SCHEME
651 4 _aUnited Kingdom
_y
690 _aPROPERTY-PROPERTY VALUATION AND APPRAISAL
700 1 _aTelford, Diane
856 4 0 _uhttps://www.rics.org/site/scripts/documents.aspx?categoryID=316
_z RICS members can view this article free of charge at www.rics.org
942 _n0
999 _c83033
_d83033